Normal view MARC view

Entry Personal Name

Number of records used in: 3

001 - CONTROL NUMBER

  • control field: 556443

003 - CONTROL NUMBER IDENTIFIER

  • control field: OSt

005 - DATE AND TIME OF LATEST TRANSACTION

  • control field: 20220930094839.0

008 - FIXED-LENGTH DATA ELEMENTS

  • fixed length control field: 220930|| aca||aabn | a|a d

040 ## - CATALOGING SOURCE

  • Original cataloging agency: OSt
  • Transcribing agency: OSt

100 ## - HEADING--PERSONAL NAME

  • Personal name: टी. आर. पार्वती

670 ## - SOURCE DATA FOUND

  • Source citation: Work cat.: (OSt)887768: टी. आर. पार्वती, कौटिल्य-अर्थशास्त्र का भारतीय संविधान में प्रतिबिम्ब, 2014
Copyright @ Delhi University Library System